Statistics for Current NCAA Men's Basketball Coaches

Click here to take the quiz!

General Stats

  • This quiz has been taken 27 times
  • The average score is 68 of 353

Answer Stats

SchoolAnswer% Correct
Virginia TechBuzz Williams
87%
Prairie View A&MByron Smith
87%
StetsonCorey Williams
87%
Utah StateCraig Smith
87%
San FranciscoKyle Smith
87%
North CarolinaRoy Williams
87%
High PointTubby Smith
87%
KansasBill Self
74%
Michigan StateTom Izzo
74%
AlabamaAvery Johnson
70%
KentuckyJohn Calipari
70%
TexasShaka Smart
70%
FairfieldSydney Johnson
70%
La SalleAshley Howard
65%
Alabama A&MDylan Howard
65%
ArkansasMike Anderson
65%
DukeMike Krzyzewski
65%
IndianaArchie Miller
61%
Arizona StateBobby Hurley
61%
ConnecticutDan Hurley
61%
GonzagaMark Few
61%
FloridaMichael White
61%
GeorgetownPatrick Ewing
61%
MemphisPenny Hardaway
61%
ArizonaSean Miller
61%
UNC GreensboroWes Miller
61%
AlbanyWill Brown
61%
Western IllinoisBilly Wright
57%
North DakotaBrian Jones
57%
AuburnBruce Pearl
57%
LouisvilleChris Mack
57%
YaleJames Jones
57%
VillanovaJay Wright
57%
Old DominionJeff Jones
57%
SyracuseJim Boeheim
57%
Boston UniversityJoe Jones
57%
Texas SouthernJohnny Jones
57%
Central MichiganKeno Davis
57%
Ole MissKermit Davis
57%
Detroit MercyMike Davis
57%
RadfordMike Jones
57%
BucknellNathan Davis
57%
MinnesotaRichard Pitino
57%
Norfolk StateRobert Jones
57%
CaliforniaWyking Jones
57%
West VirginiaBob Huggins
52%
Kansas StateBruce Webber
52%
ButlerLaVall Jordan
52%
OklahomaLon Kruger
52%
VirginiaTony Bennett
52%
VanderbiltBryce Drew
48%
Ohio StateChris Holtmann
48%
St. JohnsChris Mullin
48%
OregonDana Altman
48%
Wake ForestDanny Manning
48%
CreightonGreg McDermott
48%
TennesseeRick Barnes
48%
Cal State BakersfieldRod Barnes
48%
BaylorScott Drew
48%
UCLASteve Alford
48%
GeorgiaTom Crean
48%
LSUWill Wade
48%
IllinoisBrad Underwood
43%
MissouriCuonzo Martin
43%
South CarolinaFrank Martin
43%
MichiganJohn Beilein
43%
CincinnatiMick Cronin
43%
BrownMike Martin
43%
WoffordMike Young
43%
Texas TechChris Beard
39%
Grambling StateDonte Jackson
39%
WisconsinGreg Gard
39%
Alabama StateLewis Jackson
39%
PurdueMatt Painter
39%
PortlandTerry Porter
39%
DaytonAnthony Grant
35%
Eastern KentuckyAW Hamilton
35%
Tennessee StateBrian Collins
35%
NorthwesternChris Collins
35%
Central ConnecticutDonyell Marshall
35%
CharlestonEarl Grant
35%
ProvidenceEd Cooley
35%
NevadaEric Musselman
35%
IowaFran McCaffery
35%
Wichita StateGregg Marshall
35%
UCFJohnny Dawkins
35%
HoustonKelvin Sampson
35%
Florida StateLeonard Hamilton
35%
WashingtonMike Hopkins
35%
Missouri StateDana Ford
30%
TCUJamie Dixon
30%
PittsburghJeff Capel
30%
Coppin StateJuan Dixon
30%
Penn StatePat Chambers
30%
Loyola ChicagoPorter Moser
30%
Georgia StateRon Hunter
30%
UC IrvineRussell Turner
30%
NebraskaTim Miles
30%
Saint LouisTravis Ford
30%
USCAndy Enfield
26%
Texas A&MBilly Kennedy
26%
NJITBrian Kennedy
26%
PacificDamon Stoudamire
26%
Cal State FullertonDedrique Taylor
26%
Georgia TechJosh Pastner
26%
MarylandMark Turgeon
26%
Notre DameMike Brey
26%
BuffaloNate Oats
26%
Iowa StateSteve Prohm
26%
HarvardTommy Amaker
26%
Texas A&M Corpus ChristiWillis Wilson
26%
ClemsonBrad Brownell
22%
SienaJamion Christian
22%
Boston CollegeJim Christian
22%
Miami FLJim Larranaga
22%
AkronJohn Groce
22%
NC StateKevin Keatts
22%
UTRGVLew Hill
22%
Alcorn StateMontez Robinson
22%
Saint MarysRandy Bennett
22%
UMBCRyan Odom
22%
MarquetteSteve Wojciechowski
22%
UT MartinAnthony Stewart
17%
Mississippi StateBen Howland
17%
DavidsonBob McKillop
17%
MarshallDan D'Antoni
17%
Grand CanyonDan Majerle
17%
Little RockDarrell Walker
17%
BYUDave Rose
17%
Florida AtlanticDusty May
17%
ArmyJimmy Allen
17%
UMKCKareem Richardson
17%
Louisiana MonroeKeith Richard
17%
Seton HallKevin Willard
17%
MonmouthKing Rice
17%
Boise StateLeon Rice
17%
PrincetonMitch Henderson
17%
Western KentuckyRick Stansbury
17%
South DakotaTodd Lee
17%
Oregon StateWayne Tinkle
17%
QuinnipiacBaker Dunleavy
13%
LehighBrett Reed
13%
San Diego StateBrian Dutcher
13%
LipscombCasey Alexander
13%
RichmondChris Mooney
13%
Maryland Eastern ShoreClifford Reed
13%
DePaulDave Leitao
13%
Rhode IslandDavid Cox
13%
TulsaFrank Haith
13%
Santa ClaraHerb Sendek
13%
Northern ArizonaJack Murphy
13%
StanfordJerod Hasse
13%
Appalachian StateJim Fox
13%
Chicago StateLance Irvin
13%
PepperdineLorenzo Romar
13%
Utah ValleyMark Pope
13%
Oklahoma StateMike Boynton
13%
TulaneMike Dunleavy
13%
VCUMike Rhoades
13%
Jacksonville StateRay Harper
13%
Eastern MichiganRob Murphy
13%
OhioSaul Phillips
13%
SouthernSean Woods
13%
East Tennessee StateSteve Forbes
13%
Western MichiganSteve Hawkins
13%
RutgersSteve Pikiell
13%
ColoradoTad Boyle
13%
South Dakota StateTJ Otzelberger
13%
XavierTravis Steele
13%
WyomingAllen Edwards
9%
Mississippi Valley StateAndre Payne
9%
WagnerBashir Mason
9%
Northern IowaBen Jacobson
9%
NortheasternBill Coen
9%
Montana StateBrian Fish
9%
South FloridaBrian Gregory
9%
UNC WilmingtonCB McGrath
9%
New Mexico StateChris Jans
9%
Coastal CarolinaCliff Ellis
9%
Illinois StateDan Muller
9%
Southern MissDoc Sadler
9%
TempleFran Dunphy
9%
OaklandGreg Kampe
9%
Miami OHJack Owens
9%
East CarolinaJoe Dooley
9%
VermontJohn Becker
9%
UtahLarry Krystkowiak
9%
James MadisonLouis Rowe
9%
Northern IllinoisMark Montgomery
9%
UMASSMatt McCall
9%
MilwaukeePat Baldwin
9%
Oral RobertsPaul Mills
9%
Saint JosephsPhil Martelli
9%
South AlabamaRichie Riley
9%
BelmontRick Byrd
9%
Saint PetersShaheen Holloway
9%
PennSteve Donahue
9%
Tennessee TechSteve Payne
9%
LamarTic Price
9%
SMUTim Jankovich
9%
EvansvilleWalter McCarty
9%
Sacred HeartAnthony Latina
4%
Portland StateBaret Peery
4%
Idaho StateBill Evans
4%
NiagaraChris Casey
4%
Long Beach StateDan Monson
4%
DrakeDarian DeVries
4%
LIU BrooklynDerek Kellogg
4%
OmahaDerrin Hansen
4%
HamptonEdward Joyner
4%
HawaiiEran Ganot
4%
Louisiana TechEric Konkol
4%
Washington StateErnie Kent
4%
Fairleigh DickinsonGreg Herenda
4%
BryantJared Grasso
4%
Sam HoustonJason Hooten
4%
North Carolina A&TJay Joyner
4%
Eastern IllinoisJay Sppoonhour
4%
Stony BrookJeff Boals
4%
HofstraJoe Mihalich
4%
UC Santa BarbaraJoe Pasternack
4%
DuquesneKeith Dambrot
4%
ChattanoogaLamont Paris
4%
North Carolina CentralLeVElle Moton
4%
Cal State NorthridgeMark Gottfried
4%
St. BonaventureMark Schmidt
4%
UNLVMarvin Menzies
4%
ColgateMatt Langel
4%
Murray StateMatt McMahon
4%
George WashingtonMaurice Joseph
4%
AmericanMike Brennan
4%
Middle TennesseeNick McDevitt
4%
Colorado StateNiko Medved
4%
UMASS LowellPat Duquette
4%
New MexicoPaul Weir
4%
MaineRichard Barron
4%
LibertyRitchie McKay
4%
Florida A&MRobert McCullum
4%
DenverRodney Billups
4%
UTEPRodney Terry
4%
San DiegoSam Scholl
4%
Wright StateScott Nagy
4%
RiceScott Pera
4%
Eastern WashingtonShantay Legans
4%
UTSASteve Henson
4%
ManhattanSteve Masiello
4%
UICSteve McClain
4%
Kennesaw StateAl Skinner
0%
Robert MorrisAndrew Toole
0%
Nicholls StateAustin Claunch
0%
Charleston SouthernBarclay Radebaugh
0%
Southern IllinoisBarry Hinson
0%
Holy CrossBill Carmody
0%
New HampshireBill Herrion
0%
MercerBob Hoffman
0%
LouisianaBob Marlin
0%
FurmanBob Richey
0%
SIU EdwardsvilleBrian Barone
0%
CornellBrian Earl
0%
Sacramento StateBrian Katz
0%
BradleyBrian Wardle
0%
Incarnate WordCarson Cunningham
0%
Texas ArlingtonChris Ogden
0%
VMIDan Earl
0%
Mount St. MarysDan Engelstad
0%
Texas StateDanny Kaspar
0%
South Carolina UpstateDave Dickerson
0%
George MasonDave Paulsen
0%
Air ForceDave Pilipovich
0%
DartmouthDavid McLaughlin
0%
UC RiversideDavid Patrick
0%
North Dakota StateDavid Richman
0%
Cleveland StateDennis Felton
0%
IdahoDon Verlin
0%
The CitadelDuggar Baucom
0%
PresbyterianDustin Kerns
0%
NavyEd Dechellis
0%
Delaware StateEric Skeeters
0%
LafayetteFran O'Hanlon
0%
Arkansas Pine BluffGeorge Ivory
0%
St. Francis PAGlenn Braica
0%
North TexasGrant McCasland
0%
Indiana StateGreg Lansing
0%
LongwoodGriff Aldrich
0%
McNeese StateHeath Schroyer
0%
Savannah StateHorace Broadnax
0%
Ball StateJames Whitford
0%
IUPUIJason Gardner
0%
Southeastern LouisianaJay Ladner
0%
San Jose StateJean Prioleau
0%
Northern ColoradoJeff Linder
0%
FordhamJeff Neubauer
0%
Florida InternationalJeremy Ballard
0%
Youngstown StateJerrod Calhoun
0%
ColumbiaJim Engles
0%
SeattleJim Hayford
0%
UC DavisJim Les
0%
Cal PolyJoe Callero
0%
Abilene ChristianJoe Golding
0%
Northern KentuckyJohn Brannen
0%
MaristJohn Dunne
0%
HartfordJohn Gallagher
0%
Pudue Fort WayneJon Coffman
0%
Fresno StateJustin Hutson
0%
RiderKevin Baggett
0%
CampbellKevin McGeehan
0%
HowardKevin Nickelberry
0%
Stephen F AustinKyle Keller
0%
Green BayLinc Darner
0%
Georgia SouthernMark Byington
0%
Western CarolinaMark Prosser
0%
New OrleansMark Slessinger
0%
DelawareMartin Ingelsby
0%
Austin PeayMatt Figger
0%
North FloridaMatthew Driscoll
0%
ValparaisoMatt Lottich
0%
ElonMatt Matheny
0%
Florida Gulf CoastMichael Fly
0%
Bowling GreenMichael Huger
0%
Arkansas StateMike Balado
0%
Loyola MarymountMike Dunlap
0%
Northwestern StateMike McConathy
0%
UNC AshevilleMike Morrell
0%
South Carolina StateMurray Garvin
0%
WinthropPat Kelsey
0%
TowsonPat Skerry
0%
TroyPhil Cunningham
0%
Morehead StatePreston Spradlin
0%
Weber StateRandy Rahe
0%
CanisiusReggie Witherspoon
0%
California BaptistRick Croy
0%
Southeast Missouri StateRick Ray
0%
UABRobert Ehsan
0%
Saint Francis NYRob Krimmel
0%
Kent StateRob Senderoff
0%
Houston BaptistRon Cottrell
0%
CharlotteRon Sanchez
0%
Central ArkansasRuss Pennell
0%
Bethune CookmanRyan Ridder
0%
SamfordScott Padgett
0%
Loyola MarylandTavaras Hardy
0%
IonaTim Cluess
0%
Gardner WebbTim Craft
0%
Morgan StateTodd Bozeman
0%
Southern UtahTodd Simon
0%
ToledoTod Kowalczyk
0%
BinghamtonTommy Dempsey
0%
JacksonvilleTony Jasick
0%
North AlabamaTony Pujol
0%
William & MaryTony Shaver
0%
MontanaTravis DeCuire
0%
Jackson StateWayne Brent
0%
DrexelZach Spiker
0%

Score Distribution

Percentile by Number Answered

Percent of People with Each Score

Your Score History

You have not taken this quiz